000 00343nam a2200121 a 4500
005 20140414131952.0
008 110207s19uu xx 00 eng d
050 _aTR 420.7
_bG99 2005
100 _aGuzman, Maybelle Koch
245 _aBe your own english teacher! nouns and pronouns.
260 _bMiflores Publishing,
_c2005.
999 _c112820
_d112820